Projekt systému jakosti ČKAIT podle ČSN EN ISO 9001/2 : příručka pro zavedení systému jakosti v projektově-inženýrských organizacích do 50 zaměstnanců /

Hlavní autor: Blažek, Vladimír, 1946-
Korporativní autor: Česká komora autorizovaných inženýrů a techniků činných ve výstavbě
Další autoři: Sláčal, Josef, 1934-
Jazyk: Čeština
Vydáno: Praha : Informační centrum ČKAIT, 2000
Vydání: 1. vyd.
Edice: Základní knižnice ČKAIT.
Témata:
Fyzický popis: 52 s. ; 21 cm
Knihy
Uloženo v:
LEADER 01509nam a2200385 a 4500
001 000471160
003 CZ BrMZK
005 20191010134731.0
007 ta
008 000115s2000 xr f f cze d
015 |a cnb000959515 
020 |a 80-86364-05-4 
035 |a (OCoLC)44526076 
040 |a BOA001  |b cze 
043 |a e-xr--- 
072 7 |a 69  |x Stavebnictví  |2 Konspekt  |9 19 
080 |a 69:005.582.1  |2 MRF 
080 |a 005.6  |2 MRF 
080 |a (437.3)  |2 MRF 
080 |a (072)  |2 MRF 
100 1 |a Blažek, Vladimír,  |d 1946-  |7 jx20041122011  |4 aut 
245 1 0 |a Projekt systému jakosti ČKAIT podle ČSN EN ISO 9001/2 :  |b příručka pro zavedení systému jakosti v projektově-inženýrských organizacích do 50 zaměstnanců /  |c kolektiv autorů [Vladimír Blažek, Josef Sláčal] 
250 |a 1. vyd. 
260 |a Praha :  |b Informační centrum ČKAIT,  |c 2000 
300 |a 52 s. ;  |c 21 cm 
490 1 |a Základní knižnice ČKAIT. Ř. A 
650 0 7 |a autorizace ve výstavbě  |7 ph241815  |z Česko  |2 czenas 
650 0 7 |a management jakosti  |7 ph115218  |2 czenas 
655 7 |a metodické příručky  |7 fd132826  |2 czenas 
700 1 |a Sláčal, Josef,  |d 1934-  |7 mzk2006354126  |4 aut 
710 2 |a Česká komora autorizovaných inženýrů a techniků činných ve výstavbě  |7 kn20010725041 
830 0 |a Základní knižnice ČKAIT.  |n Ř. A 
910 |a BOA001  |b 2-1070.826 
990 |a BK 
996 6 |b 2610111211  |c 2-1070.826  |l MZK  |r Sklad / do 1 hodiny  |n 8  |p p.v.  |w 000471160  |u 000010  |a 1  |e BOA001  |j MZK50  |s P